Comedias. (Record no. 180230)

MARC details
000 -LEADER
campo de control de longitud fija 01083nam a2200265 i 4500
001 - NÚMERO DE CONTROL
campo de control 180230
003 - IDENTIFICADOR DE NÚMERO DE CONTROL
campo de control ES-MaACL
005 - FECHA Y HORA DE LA ÚLTIMA TRANSACCIÓN
campo de control 20250928125546.0
008 - DATOS DE LONGITUD FIJA--INFORMACIÓN GENERAL
campo de control de longitud fija 120521s1994 sp |||| | spa d
020 ## - NÚMERO INTERNACIONAL ESTÁNDAR DEL LIBRO
Número Internacional Estándar del Libro 84-7506-405-1(V.9)
080 ## - NÚMERO DE LA CLASIFICACIÓN DECIMAL UNIVERSAL
Número de la Clasificación Decimal Universal 821.134.2-2"15"
100 1# - ENTRADA PRINCIPAL--NOMBRE DE PERSONA
Nombre de persona Vega, Lope de,
Fechas asociadas al nombre 1562-1635
9 (RLIN) 113563
245 10 - MENCIÓN DEL TÍTULO
Título Comedias.
Número de parte o sección de la obra IX /
Mención de responsabilidad, etc. Lope de Vega ; [edición y prólogo de Jesús Gómez y Paloma Cuenca].
260 ## - PUBLICACIÓN, DISTRIBUCIÓN, ETC.
Lugar de publicación, distribución, etc. Madrid :
Nombre del editor, distribuidor, etc. Turner,
Fecha de publicación, distribución, etc. 1994.
300 ## - DESCRIPCIÓN FÍSICA
Extensión XIV, 938 p. ;
Dimensiones 22 cm.
490 1# - MENCIÓN DE SERIE
Mención de serie Biblioteca Castro
490 1# - MENCIÓN DE SERIE
Mención de serie Obras completas de Lope de Vega ;
Designación de volumen o secuencia 9
505 8# - NOTA DE CONTENIDO CON FORMATO
Nota de contenido con formato Contiene: El sol parado. El testimonio vengado. El honrado hermano. Adonis y Venus. Los bandos de Sena. El desposorio encubierto. La pobrez estimada. La reina Juana de Nápoles. Arauco domado. Las Batuecas del duque de Alba.
700 0# - ENTRADA AGREGADA--NOMBRE PERSONAL
Nombre de persona Gómez, Jesús.
9 (RLIN) 57769
700 1# - ENTRADA AGREGADA--NOMBRE PERSONAL
Nombre de persona Cuenca Muñoz, Paloma,
Fechas asociadas al nombre 1966-
9 (RLIN) 150048
830 0# - PUNTO DE ACCESO ADICIONAL DE SERIE-TÍTULO UNIFORME
Título uniforme Biblioteca Castro
9 (RLIN) 178957
830 00 - PUNTO DE ACCESO ADICIONAL DE SERIE-TÍTULO UNIFORME
Título uniforme Obras completas de Lope de Vega
Designación de volumen o secuencia 9
9 (RLIN) 191211
852 ## - LOCALIZACIÓN
Ubicación ES-MaACL
Número de control de estantería L-29843
Holdings
Estatus retirado Estado de pérdida Estado de daño No para préstamo Biblioteca de origen Biblioteca actual Ubicación en estantería Fecha de adquisición Fuente de adquisición Total de préstamos Signatura topográfica completa Código de barras Visto por última vez Precio de reemplazo Tipo de ítem Koha
        Biblioteca del Ateneo de Madrid Biblioteca del Ateneo de Madrid Depósito 2 21/05/2012     L-29843 1189380 23/02/2023 23/02/2023 Libro impreso